|
|
|
|
| LEADER |
01264nam a2200301 a 4500 |
| 001 |
2124277 |
| 003 |
BD-DhAAL |
| 005 |
20230618115006.0 |
| 008 |
090708s1997 njua b 001 0 eng d |
| 010 |
|
|
|a 97014449
|
| 020 |
|
|
|a 0691016763 (cloth : alk. paper)
|
| 020 |
|
|
|a 0691016755 (pbk. : alk. paper)
|
| 040 |
|
|
|a DLC
|c DLC
|d DLC
|d BD-DhAAL
|
| 082 |
0 |
0 |
|a 305.42/09
|2 21
|
| 100 |
1 |
|
|a Rupp, Leila J.,
|d 1950-
|9 54737
|
| 245 |
1 |
0 |
|a Worlds of women :
|b the making of an international women's movement /
|c Leila J. Rupp.
|
| 260 |
|
|
|a Princeton, N.J. :
|b Princeton University Press,
|c c1997.
|
| 300 |
|
|
|a xiii, 325 pages :
|b illustrations ;
|c 25 cm.
|
| 504 |
|
|
|a Includes bibliographical references (p. [299]-317) and index.
|
| 541 |
1 |
|
|e 18815
|
| 650 |
|
0 |
|a Feminism
|x International cooperation
|x History.
|9 54738
|
| 650 |
|
0 |
|a Women's rights
|x International cooperation
|x History.
|9 54739
|
| 650 |
|
0 |
|a Women in politics
|x History.
|9 54740
|
| 650 |
|
0 |
|a Women
|x Societies and clubs
|x History.
|9 54741
|
| 852 |
4 |
|
|a Ayesha Abed Library
|j General Shelf.
|
| 942 |
|
|
|2 ddc
|c BK
|
| 999 |
|
|
|c 2346
|d 2346
|
| 952 |
|
|
|0 0
|1 0
|2 ddc
|4 0
|6 305_420000000000000_09_RUP
|7 0
|9 2170
|a BIGD
|b BIGD
|c GEN
|d 2009-07-13
|l 0
|o 305.4209 RUP
|p 3050018815
|r 2009-07-13
|t 1
|w 2009-07-13
|y BK
|x Transferred from BDI to BIGD.
|